000 00854nam a22002657a 4500
003 DO-SdBNP
005 20240530073925.0
007 ta
008 211005b2013 dr ||||| |||| 00| 0 spa d
020 _a9788490307946
040 _aDO-SdBNP
_bspa
_cBNPHU
082 4 _aRD863.44
_bR457L
_222
100 1 _aReyes, Ramón Emilio
_980119
245 1 3 _aLa luz se ha refugiado en el sendero /
_cRamón Emilio Reyes.
260 _aSanto Domingo :
_bCírculo Rojo,
_c2013.
300 _a141 p. ;
_c21 cm.
490 1 _aCírculo rojo. Novela
500 _aIncluye datos biográficos del autor en la solapa de la cubierta
590 _aInventariado, 2021 /LP
650 0 _aNovela dominicana
_9223
650 4 _aLiteratura dominicana
830 0 _aCírculo rojo. Novela
_980120
910 _aLopérez/Validado. Control de calidad MFF
942 _2ddc
_cLBS1
999 _c50705
_d50705